[Event "Maastricht Limburg op-B 9th"]
[Site "Maastricht"]
[Date "2015.05.23"]
[Round "3"]
[White "Winand, Michael"]
[Black "Leentjens, Gilbert"]
[Result "1-0"]
[WhiteElo "1757"]
[BlackElo "1818"]
[PlyCount "33"]
[EventDate "2015.05.22"]
[EventType "swiss"]
[EventRounds "7"]
[EventCountry "NED"]
[SourceTitle "EXT 2016"]
[Source "ChessBase"]
[SourceDate "2015.10.08"]
[SourceVersion "1"]
[SourceVersionDate "2015.10.08"]
[SourceQuality "1"]

1. e4 e5 2. Nf3 Nc6 3. Bb5 a6 4. Ba4 Nf6 5. 0-0 b5 6. Bb3 Bb7 7. d4 Be7 8. dxe5 Nxe4 9. Bf4 Na5 10. Nc3 g5 11. Nxg5 Nxb3 12. axb3 Nxf2 13. Qh5 Rf8 14. Be3 b4 15. Rxf2 bxc3 16. Nxf7 Qb8 17. Nd6+ 1-0

[Event "Maastricht Limburg op-C 8th"]
[Site "Maastricht"]
[Date "2014.06.07"]
[Round "2"]
[White "Van Dael, Siem"]
[Black "Winand, Michael"]
[Result "0-1"]
[WhiteElo "1587"]
[BlackElo "1669"]
[PlyCount "74"]
[EventDate "2014.06.06"]
[EventType "swiss"]
[EventRounds "7"]
[EventCountry "NED"]
[SourceTitle "EXT 2015"]
[Source "ChessBase"]
[SourceDate "2014.11.20"]
[SourceVersion "1"]
[SourceVersionDate "2014.11.20"]
[SourceQuality "1"]

1. e4 e5 2. Nf3 Nc6 3. Bc4 Nf6 4. d3 Bc5 5. Nc3 d6 6. Bg5 h6 7. Bh4 g5 8. Bg3 Bg4 9. Nd5 Nd4 10. c3 Nxf3+ 11. gxf3 Bc8 12. b4 Bb6 13. Qb3 Nxd5 14. Bxd5 Qf6 15. Qd1 c6 16. Bb3 Bh3 17. b5 h5 18. bxc6 bxc6 19. Ba4 Rc8 20. d4 0-0 21. dxe5 dxe5 22. Rg1 Kh7 23. f4 Bg4 24. fxe5 Bxd1 25. exf6 Bxa4 26. h4 Rfe8 27. e5 Rcd8 28. hxg5 Kg6 29. Bh2 Rd3 30. Rc1 Red8 31. Rg2 Ba5 32. Rg3 Bb5 33. f4 Rxg3 34. Bxg3 Rd3 35. Kf2 Bxc3 36. Kg2 Bc4 37. Bf2 a5 0-1

[Event "Mittelrhein Verbandsliga-W 1112"]
[Site "Germany"]
[Date "2012.05.20"]
[Round "11.7"]
[White "Winand, Michael"]
[Black "Titz, Peter"]
[Result "1-0"]
[WhiteElo "1609"]
[BlackElo "1699"]
[PlyCount "65"]
[EventDate "2011.09.18"]
[EventType "team-tourn"]
[EventRounds "11"]
[EventCountry "GER"]
[SourceTitle "EXT 2013"]
[Source "ChessBase"]
[SourceDate "2012.11.22"]
[SourceVersion "1"]
[SourceVersionDate "2012.11.22"]
[SourceQuality "1"]
[WhiteTeam "Aachen II"]
[BlackTeam "Lendersdorf"]
[WhiteTeamCountry "GER"]
[BlackTeamCountry "GER"]

1. e4 e6 2. d4 d5 3. e5 c5 4. c3 Nc6 5. Nf3 Qb6 6. a3 a5 7. Bd3 Bd7 8. Bc2 Nge7 9. 0-0 Ng6 10. Re1 Be7 11. Qd3 a4 12. Nbd2 cxd4 13. cxd4 Na5 14. Qf1 Bb5 15. Bd3 Bxd3 16. Qxd3 Rc8 17. g3 0-0 18. Rb1 Rc7 19. b4 axb3 20. Nxb3 Nxb3 21. Rxb3 Qa7 22. Bd2 Rc4 23. Reb1 Rb8 24. Bb4 f6 25. Bxe7 Nxe7 26. exf6 gxf6 27. Qe3 Rc6 28. Qh6 e5 29. dxe5 fxe5 30. Qg5+ Ng6 31. Nxe5 Rd6 32. Nxg6 hxg6 33. Qe7 1-0